00944nam a22001817a 4500003000900000008004100009020001800050040007100068082002300139100001600162245008300178260002900261300002900290505036100319650001700680650003500697650003000732AR-CdUCM190529b ||||| |||| 00| 0 spa d a9788490352878 aMUNICIPALIDAD PROVINCIAL DEL CUSCOcBIBLIOTECA MUNICIPAL DEL CUSCO a657.4/H2bH22Once aHeizer, Jay aDirección de la producción y de operaciones :bDecisiones estratégicas / aMadri ;bPearson,c2015. a594 Páginas. :c25 cm. aContenido: Operaciones y productividad -- Estrategia de operaciones en un entorno global -- Dirección de proyectos -- Previsión -- Diseño de bienes y servicios -- Gestión de la calidad -- Estrategia y diseño de procesos -- Estrategia de localización -- Estrategias de layout -- Recursos humanos diseño del trabajo y medición del trabajo ... aProducción aEconomía de la producción  aDiseño de producción